Topics in interstellar matter : invited reviews given for commission 34 (interstellar matter) of the International Astronomical Union, at the sixteenth general assembly of IAU, Grenoble, August 1976 /

Saved in:
Bibliographic Details
Corporate Author: International Astronomical Union
Other Authors: Woerden, Hugo van
Format: Book
Language:English
Published: Dordrecht, Holland : D. Reidel Pub. Co., c1977.
Series:Astrophysics and space science library ; v. 70
Subjects:
LEADER 01151nam a2200253 i 4500
001 c000302947
003 CARM
005 00000000000000.0
008 840229s1977 ne 0 eng d
019 1 |a 953591  |5 LACONCORD2021 
020 |a 9027708355 
035 |a (OCoLC)3169019  |5 LACONCORD2021 
082 0 4 |a 523.1/12 
110 2 |a International Astronomical Union. 
245 1 0 |a Topics in interstellar matter :  |b invited reviews given for commission 34 (interstellar matter) of the International Astronomical Union, at the sixteenth general assembly of IAU, Grenoble, August 1976 /  |c edited by Hugo Van Woerden. 
260 |a Dordrecht, Holland :  |b D. Reidel Pub. Co.,  |c c1977. 
300 |a viii, 295p. :  |b ill. 
490 0 |a Astrophysics and space science library ;  |v v. 70 
504 |a Includes bibliographical references and index. 
650 0 |a Interstellar matter  |x Congresses. 
700 1 |a Woerden, Hugo van. 
852 8 |b CARM  |h A1:AR27F0  |i C10884  |p 0503064  |f BK 
999 f f |i 67a5d72f-4f01-5e2c-940e-051375a750c8  |s cdc0a22c-d201-5371-9535-2b428ac603b4 
952 f f |p Can circulate  |a CAVAL  |b CAVAL  |c CAVAL  |d CARM 1 Store  |e C10884  |f A1:AR27F0  |h Other scheme  |i book  |m 0503064